000 00326nam a2200121 i 4500
001 bg
245 0 _aWyniki doboru kandydatów na I rok studiów wyższych na rok szk. 1974/1975 :
_bstudia dzienne.
260 _aWarszawa,
_c1976.
040 _cBPK
041 _apol
942 _cKS
008 s pl f |000 0 pol
999 _c27329
_d27329
856 _uhttp://koha.tu.koszalin.pl/cgi-bin/koha/opac-detail.pl?biblionumber=27329
_yKatalog online BPK